000 00747nam a2200253Ia 4500
003 OSt
005 20220926013950.0
006 a|||||r|||| 00| 0
007 ta
008 220923b |||||||| |||| 00| 0 eng d
020 _a0471036358
037 _cGeneral Book
040 _aRTL
_cRTL
_beng
041 _2eng
_aeng
082 _aX653.73.N7, M0
100 _aEpley Donald R
_9319385
245 0 _aBaisc estate finance and investments
260 _aNew York
_bJohn Wiley USA
_c1980
300 _axxxv, 633p. Bib chapterwise ; Appendix p 599-633
_ccm.
650 _aSecurity
700 _a Millar James A
_9319386
942 _hX653.73.N7, M0
_cGB
_2CC
999 _c627317
_d627317